Most Popular Songs in USA 5/9/2026 - Statistics

General Stats
  • This quiz has been taken 6 times
  • The average score is 7 of 15
Answer Stats
Rank Artist (Version) Answer Streams Radio Airplay Sales % Correct
13. HUNTR/X Golden 9.5 Million 42.7 Million 1.5 Thousand
100%
3. Olivia Dean Man I Need 12.2 Million 60.7 Million 1.5 Thousand
100%
15. PinkPantheress, Zara Larsson Stateside 11 Million 27.9 Million 0.4 Thousand
100%
8. Alex Warren Ordinary 12.6 Million 49.3 Million 1.5 Thousand
80%
1. Ella Langley Choosin' Texas 26.7 Million 44.7 Million 8 Thousand
60%
2. Bruno Mars I Just Might 10.3 Million 78.1 Million 2.5 Thousand
60%
6. Olivia Dean So Easy (To Fall In Love) 11.2 Million 60.9 Million 1.5 Thousand
60%
5. Ella Langley Be Her 17.7 Million 24 Million 3 Thousand
40%
10. Kehlani Folded 8.2 Million 68 Million 1 Thousand
40%
12. Justin Bieber Daisies 13.6 Million 19.7 Million 1.5 Thousand
20%
9. Noah Kahan Doors 17.8 Million 0.1 Million 0.6 Thousand
20%
4. Olivia Rodrigo drop dead 17.3 Million 21.1 Million 6 Thousand
20%
7. Ella Langley, Morgan Wallen I Can't Love You Anymore 16.7 Million 10.8 Million 10 Thousand
20%
11. Noah Kahan The Great Divide 15 Million 13.9 Million 1.5 Thousand
20%
14. Noah Kahan End of August 14.7 Million 0 0.4 Thousand
0%
No matching quizzes found
Score Distribution
Percent of People with Each Score
Percentile by Number Answered
Your Score History
You have not taken this quiz